| 000 | 00820cam a2200253 a 4500 | ||
|---|---|---|---|
| 008 | |||
| 020 | _a9780470510827 (hbk.) | ||
| 049 | _aMAIN | ||
| 090 |
_aTK7868.T5 _bKIN |
||
| 100 | 1 | _aKinniment, David J. | |
| 245 | 1 | 0 |
_aSynchronization and arbitration in digital systems / _cDavid Kinniment. |
| 260 |
_aWest Sussex : _bJ. Wiley & Sons, _c2007. |
||
| 300 |
_axvi, 263 p. : _bill. ; _c24 cm. |
||
| 500 | _aIncludes index. | ||
| 504 | _aIncludes bibliographical references. | ||
| 650 | 0 |
_aTiming circuits _xDesign and construction. |
|
| 650 | 0 |
_aDigital integrated circuits _xDesign and construction. |
|
| 650 | 0 | _aSynchronization. | |
| 907 |
_a.b10316899 _b19-03-13 _c28-08-12 |
||
| 003 | |||
| 005 | 20230123125445.0 | ||
| 040 | _cNUST | ||
| 942 |
_cBOOKS _kTK7868.T5 _mKIN |
||
| 999 |
_c141830 _d141830 |
||